| 000 | 00765nam a2200241Ia 4500 | ||
|---|---|---|---|
| 003 | GCL | ||
| 005 | 20240530104751.0 | ||
| 008 | 140319s9999 xx 000 0 ara d | ||
| 040 |
_aGCL / _cGCL |
||
| 082 | 0 | 4 |
_a614 _bب ت |
| 100 | 1 | _aبراون، لستر ر. | |
| 245 | 1 | 0 |
_aتقييم عن وضع العالم 1991 / _cانور عبدالواحد |
| 300 | _a343 ص | ||
| 490 |
_aالهيئة العامة للاستعلامات _v0 |
||
| 650 | 0 | 4 | _aحماية البيئة |
| 650 | 0 | 4 | _aالنفط |
| 650 | 0 | 4 | _aالاقتصاد العالمى |
| 650 | 0 | 4 | _aالانسان والبيئة |
| 650 | 0 | 4 | _aالنظام العالمى الجديد |
| 700 | 1 | _aانجى زين العابدين | |
| 700 | 1 | _aانور عبدالواحد | |
| 942 |
_2ddc _cBK |
||
| 999 |
_c50516 _d50516 |
||